| Поле | Инд. | ПП | Название | Значение |
|---|---|---|---|---|
| Тип записи | a | |||
| Библиографический уровень | m | |||
| 001 | Контрольный номер | RU\CSU\BOOKS\6717 | ||
| 005 | Дата корректировки | 20150513112059.9 | ||
| 008 | Кодируемые данные | 101207s2010 RU a g j 000 0 rus u | ||
| 020 | a | ISBN | 978-5-238-01205-6 | |
| 040 | a | Служба первич. каталог. | 45413096 | |
| a | Служба первич. каталог. | НБ ТвГУ | ||
| e | Правила каталог. | PSBO | ||
| 041 | a | Код языка текста | rus | |
| h | Код языка оригинала | rus | ||
| 044 | a | Код страны публикации | RU | |
| 080 | a | Индекс УДК | 005.7/.9:303.732(075.8) | |
| 084 | 2 | Источник индекса | rubbk | |
| a | Индекс другой классификации/Индекс ББК | С84в6я73-1 | ||
| 090 | a | Полочн. индекс | С84в6 | |
| x | Авторский знак | М 71 | ||
| 100 | 1_ | a | Автор | Мишин Виктор Михайлович |
| q | Полное имя | Мишин В. М. | ||
| 245 | 11 | a | Заглавие | Исследование систем управления |
| b | Продолж. заглавия | учебник для студентов вузов, обучающихся по специальности "Менеджмент организации" | ||
| 250 | a | Основные сведения об издании | 2-е изд. | |
| 260 | a | Место издания | Москва | |
| b | Издательство | ЮНИТИ | ||
| c | Дата издания | 2010 | ||
| 300 | a | Объем | 527 с. | |
| b | Иллюстрации/ тип воспроизводства | ил. | ||
| 440 | _0 | a | Серия | Профессиональный учебник |
| 440 | _0 | a | Серия | Менеджмент |
| 504 | a | Библиография | Библиогр.: с. 526-527 (54 назв.) | |
| 520 | a | Аннотация | Дается характеристика систем управления как объектов исследования. Рассматриваются основы методологии, методики и практики их исследования, включающие базовые методологические подходы и положения, принципы, методы, вопросы планирования, организации, методики и практики проведения исследования систем управления; уделяется внимание решению исследовательских проблем в ряде подсистем систем управления. | |
| Д | ля студентов, обучающихся по специальности "Менеджмент организации" всех специализаций, слушателей системы повышения квалификации и послевузовского образования, аспирантов, специализирующихся в области управления, а также для широкого круга специалистов и менеджеров, участвующих в исследовании, преобразовании и развитии систем управления. | |||
| 653 | a | Ключевые слова | Диагностика систем управления | |
| a | Ключевые слова | Исследование систем управления | ||
| a | Ключевые слова | Методы исследования | ||
| a | Ключевые слова | Системный подход | ||
| a | Ключевые слова | Системы социального управления | ||
| a | Ключевые слова | Системы управления | ||
| a | Ключевые слова | Социальное управление | ||
| a | Ключевые слова | Управление | ||
| a | Ключевые слова | Учебники для вузов | ||
| 901 | t | Тип документа | m | |
| 910 | a | гриф есть* | ||
| 920 | a | Оператор | Стру | |
| 930 | a | Новая/Ретро | учебники | |
| 952 | c | Вид литературы | К ру | |
| 954 | a | Дата поступления на обработку | 20120125 |